000 00805nam a2200253Ia 4500
003 OSt
005 20220923211416.0
006 a|||||r|||| 00| 0
007 ta
008 220922b |||||||| |||| 00| 0 hin d
020 _a9788190820486 (hbk)
_c395
024 _a246,179
037 _bIN-01143, 16/02/2011, Kitab Ghar Prakashan
_cTextual
040 _aARTS
_cARTS
_bhin
041 _2hin
_ahin
082 _aO152,3N306w,1, P9
100 _aहृदयेश
245 0 _aजोखिम
246 _aJokhima
260 _aनयी दिल्ली
_b किताबघर प्रकाशन
_c2009
300 _a335पृ.
_ccm.
942 _hO152,3N306w,1, P9
_cTEXL
_2CC
999 _c299180
_d299180